000 00393nam a2200169Ia 4500
001 22499
005 20260414150835.0
008 260414t2007||||xx |||||||||||||| ||spa||
041 _aESP
082 _a621.382
_bA78
100 _aArtés Rodríguez, Antonio
_eAUT
245 0 _aComunicaciones digitales
_b
260 _c2007
650 _aTCA
654 _aCET
942 _cLIB
_dJUS
_fJUS
_2ddc
_n
999 _c22499
_d22499